| 000 | 00766nam a2200205 a 4500 | ||
|---|---|---|---|
| 001 | 000037203 | ||
| 005 | 20240301180540.0 | ||
| 008 | 120301s1980 mx 000 0 spa d | ||
| 020 | _a9682304040 | ||
| 040 |
_aDO-SdBNP _bspa _cBNPHU |
||
| 082 |
_axxxx _bM392c |
||
| 100 | 1 |
_aMarx, Karl, _d1818-1883 _930439 |
|
| 245 | 1 | 3 |
_aEl capital, crítica de la económia política : _bel proceso de producción de capital / _cKarl Marx ; edición a cargo Pedro Scaron. |
| 260 |
_aMéxico : _bSiglo Veintiuno Editores, _c1980. |
||
| 300 |
_av. ; _c21 cm. |
||
| 490 | 1 |
_aBiblioteca del pensamiento socialista. _aLos clásico |
|
| 500 | _aLa biblioteca posee el volumen 2 | ||
| 700 | 1 |
_aScaron, Pedro _961231 |
|
| 830 | 0 |
_aBiblioteca del pensamiento socialista. _aLos clásico _963618 |
|
| 999 |
_c36693 _d36693 |
||